000 01865nam a2200301 i 4500
001 768714001
003 CO-MdFUSB
005 20210218102951.0
007 ta
008 200603t2008 sp a|||| |||| 00| 0 spa d
020 _a9788496924406
040 _aCO-MdFUSB
_bspa
_cCO-MdFUSB
_dCO-MdFUSBC
_erda
041 _aspa
082 _223
_a780.92
_bW855
100 _aWolff, Christian,
_eautor
245 1 _aJohann Sebastian Bach :
_bel músico sabio
_c/ Christoph Wolff
264 1 _aBarcelona :
_bRobinbook,
_c[2008]
264 4 _c© 2008
300 _a641 páginas
_c; 21 cm
336 _2rdacontent
_atexto
_btxt
337 _2rdamedia
_asin mediación
_bn
338 _2rdacarrier
_avolumen
_bnc
520 _aLa juventud creadora. Período 1685-1723. «Los nombres de Johann Sebastian Bach y Christoph Wolff han sido inseparables durante muchos años. El hecho de que ahora uno de ellos haya escrito una biografía del otro es, evidentemente, una expresión de gratitud e inmensa admiración. No conocemos la reacción de Bach, pero seguramente recibiría con gusto la integridad y la mirada penetrante de este biógrafo.» GUSTAV LEONHARDT (director de orquesta, pianista y organista) La Madurez del genio. La biografía definitiva del genio musical del barroco (periodo 1723-1750). Sin duda nos encontramos ante la biografía definitiva de Bach, un texto riguroso, detallado y lleno de nuevas aportaciones. Completando el volumen I (La juventud creadora), este segundo incluye, además, numerosos ejemplos de partituras, el índice general de obras de Bach, una completa cronología y otros anexos de gran valor documental. Este libro, finalista del premio Pulitzer en 2001, ha sido celebrado ya por músicos tan relevantes como Gustav Leonhardt e Isaac Stern.
563 _aRústico
650 7 _9409
_aBiografía
942 _cBK
945 _aJTF-925
999 _c66016
_d66016